000 00746nam a22001695i 4500
001 158711
003 ES-MaACL
005 20230906211259.0
008 040902s1878 xxua |||| | eng d
040 _aCAM
_bspa
_cCAM
100 1 _aMarcou, Jules.
_976547
245 1 0 _aNotes upon the first discoveries of California and the origin of its name /
_cby Jules Marcou, being part of appendix NN of the Annual Report of The Chief of Engineers, U.S.A. for 1878.
260 _aWashington :
_bGovernment Printing Office,
_c1878.
300 _a6 p., [1] h. pleg. de mapa ;
_c23 cm.
651 4 _aCalifornia-
_xNombre.
_9137078
852 _aES-MaACL
_jT-901-F-16
_z-- Enc. hol.
_z-- Legado de Federico de Botella y de Hornos
_z-- Enc. en un vol. facticio
999 _c158711
_d158711